Statystyki dla 10 największych miast w Arabii Saudyjskiej

Kliknij tutaj aby rozwiązać quiz!

Ogólne statystyki

  • Ten quiz został rozwiązany 26 razy
  • Średni wynik to 4 z 10

Statystyki odpowiedzi

Liczba mieszkańcówNazwa miasta% Poprawnych
1 534 731Mekka
91%
5 188 286Rijad
91%
1 100 093Medyna
64%
3 430 697Dżudda
59%
903 312Ad-Dammam
36%
512 629Tabuk
32%
467 410Burajda
23%
430 828Chamis Muszajt
18%
660 788Al-Hufuf
14%
579 970At-Taif
14%

Rozkład punktacji

Percentyl według liczby udzielonych odpowiedzi

Procent ludzi z każdym wynikiem

Twoja historia wyników

Nie rozwiązałeś tego quizu